| 000 | 00521nam a22001937a 4500 | ||
|---|---|---|---|
| 003 | KOHA_MİRAKIL | ||
| 005 | 20251221124232.0 | ||
| 008 | 251221b tu ||||| |||| 00| 0 tur d | ||
| 020 | _a9759693534 | ||
| 040 |
_aTR-AnABB _btur _cTR-AnABB |
||
| 041 | _atur | ||
| 082 |
_a324.956 _bTUN 2002 |
||
| 100 | 1 | _aTuncer, Erol, | |
| 245 | 1 | 0 |
_aOsmanlı'dan günümüze seçimler 1877-1999 / _cErol Tuncer |
| 260 |
_aAnkara : _bTESAV, _c2002 |
||
| 300 |
_a496 sayfa ; _c24 cm |
||
| 650 | 0 | 4 | _aSeçim |
| 942 |
_2ddc _cBK |
||
| 999 |
_c9820 _d9820 |
||
| 900 | _bGizem YORULMAZ | ||